Culture générale - Quiz #32 - Statistiques

Statistiques générales
  • Ce quiz a été pris 53 575 fois
  • Le résultat moyen est 12 sur 20
Statistiques - réponses
Question Réponse % Correct
Quelle écurie italienne détient le plus grand palmarès de l'histoire de la Formule 1 ? Ferrari
93%
Quel poisson au nom de 3 lettres porte le même nom qu'un type d'établissement servant de l'alcool ? Bar
90%
Quelle est l'arme de prédilection de Luke Skywalker ? Un sabre laser
84%
Quel célèbre acteur a été en couple avec Jennifer Aniston et Angelina Jolie ? Brad Pitt
80%
Quelle ancienne route marchande reliait la Chine au bassin méditerranéen ? La route de la soie
78%
Quelle mer est appelée "English Channel" par les anglais ? La Manche
76%
Quel compagnon de Saint-Nicolas distribue des punitions aux enfants désobéissants ? Le père Fouettard
75%
Dans quelle ville se situe la plus grande mosquée du monde, capable d'accueillir plus de 4 millions de personnes ? La Mecque
71%
Quel est l'ingrédient principal du Nutella ? Le sucre (51%)
68%
Complétez cet extrait de la tirade du nez dans "Cyrano de Bergerac" : « C'est un roc ! C'est un pic ! C'est un cap ! Que dis-je, c'est un cap ? … C'est une ________ ! » Péninsule
68%
Dans la mythologie nordique, qui est le père de Thor ? Odin
64%
Quel fleuve sacré d'Inde partage son delta avec celui du Brahmapoutre ? Le Gange
56%
Qui déroba ses bottes de sept lieues à un ogre, pendant qui celui-ci était endormi ? Le Petit Poucet
49%
Quelle opération chirurgicale obsolète consistait en la rupture de liaisons entre le lobe frontal et le reste du cerveau dans le but de traiter des maladies mentales ? La lobotomie
48%
Dans quel sport olympique Jan-Ove Waldner est-il le seul européen à avoir remporté une médaille d'or ? Le tennis de table
45%
Que signifie le deuxième P dans l'acronyme OPEP ? Pétrole
40%
Sur quel pays actuel s'étendait en grande partie la civilisation sumérienne ? L'Irak
38%
Quel fleuve traverse la ville anciennement appelée Stalingrad ? La Volga
37%
Quel a été le nom de la ville de New York entre 1624 et 1664 ? Nouvelle Amsterdam
37%
Dans quel pays trouve-t-on des billabongs ? En Australie
36%
Aucun quiz correspondant
Distribution des résultats
% des personnes avec chaque résultat
Percentile par nombre de réponses
Votre historique - résultats
Vous n’avez pas pris ce quiz